Badania warstwy wierzchniej materiału ceramicznego w procesie mikroszlifowania z wykorzystaniem analizy termofalowej / (Rekord nr 3445)
| 000 -ETYKIETA REKORDU | |
|---|---|
| podpole kontrolne o stałej długości | 01636naa a2200277 i 4500 |
| 001 - NUMER KONTROLNY REKORDU | |
| podpole kontrolne | 3445 |
| 003 - IDENTYFIKATOR NUMERU KONTROLNEGO REKORDU | |
| podpole kontrolne | KOSZ 005 |
| 005 - DATA OSTATNIEJ MODYFIKACJI REKORDU | |
| podpole kontrolne | 20190610114321.0 |
| 008 - POLE O STAŁEJ DŁUGOŚCI - DANE KONTROLNE | |
| podpole kontrolne o stałej długości | 140707s2006 pl f |000 0 pol |
| 040 ## - ŹRÓDŁO KATALOGOWANIA | |
| Instytucja, która utworzyła rekord | KOSZ 005 |
| Instytucja, która sporządziła opis | KOSZ 005 |
| Instytucja, która dokonała modyfikacji | KOSZ 005/HR |
| 041 ## - KOD JĘZYKA | |
| Kod języka tekstu | pol |
| Kod języka streszczenia lub abstraktu | eng |
| 080 ## - UNIWERSALNA KLASYFIKACJA DZIESIĘTNA - UKD | |
| UKD | 621.92 |
| 100 1# - NAZWA OSOBOWA | |
| Nazwa osobowa | MUSIAŁ, Wojciech. |
| Lata pracy | 1997 - . |
| Instytucja | Politechnika Koszalińska - Wydział Mechaniczny, |
| Wydział | Katedra Inżynierii Produkcji |
| 245 10 - TYTUŁ/ODPOWIEDZIALNOŚĆ | |
| Tytuł | Badania warstwy wierzchniej materiału ceramicznego w procesie mikroszlifowania z wykorzystaniem analizy termofalowej / |
| Pozostałe elementy strefy tytułu i oznaczenia odpowiedzialności | Wojciech Musiał, Zbigniew Suszyński, Piotr Majchrzak. |
| 246 31 - WARIANT TYTUŁU | |
| Tytuł | Investigation of ceramics material surface layer in microgrinding process using thermal wave analysis |
| 260 ## - STREFA ADRESU WYDAWNICZEGO | |
| Data publikacji, dystrybucji/powstania dokumentu | 2006. |
| 500 ## - UWAGI OGÓLNE | |
| Tekst uwagi | Dane z autopsji. |
| 520 ## - UWAGA DOTYCZĄCA TREŚCI DOKUMENTU | |
| Analiza dokumentacyjna, adnotacja itp. | W artykule przedstawiono wyniki badań warstwy wierzchniej ceramiki korundowej Al2O3 po szlifowaniu, uzyskanej w warunkach plastycznego płynięcia materiału. Zamieszczono wyniki analiz termofalowych warstwy wierzchniej szlifowanego materiału, umożliwiające wyznaczenie profilu głębokościowego przewodności cieplnej tej warstwy. |
| 650 #0 - HASŁO PRZEDMIOTOWE W FORMIE NAZWY OGÓLNEJ LUB JEDNOSTKOWEJ | |
| Nazwa ogólna lub geograficzna | Ceramika. |
| 650 #0 - HASŁO PRZEDMIOTOWE W FORMIE NAZWY OGÓLNEJ LUB JEDNOSTKOWEJ | |
| Nazwa ogólna lub geograficzna | Szlifowanie |
| 650 #0 - HASŁO PRZEDMIOTOWE W FORMIE NAZWY OGÓLNEJ LUB JEDNOSTKOWEJ | |
| Nazwa ogólna lub geograficzna | Inżynieria powierzchni |
| 700 1# - HASŁO DODATKOWE - NAZWA OSOBOWA | |
| Nazwa osobowa | MAJCHRZAK, Piotr. |
| Lata pracy | 1998 - . |
| Instytucja | Politechnika Koszalińska - Wydział Elektroniki, |
| Wydział | Katedra Inżynierii Komputerowej |
| 700 1# - HASŁO DODATKOWE - NAZWA OSOBOWA | |
| Nazwa osobowa | SUSZYŃSKI, Zbigniew. |
| Lata pracy | 1996 - . |
| Instytucja | Politechnika Koszalińska - Wydział Elektroniki, |
| Wydział | Katedra Inżynierii Komputerowej |
| 773 0# - TYTUŁ DOKUMENTU MACIERZYSTEGO | |
| Wyrażenie wprowadzające | W : |
| Tytuł | Archiwum Technologii Maszyn i Automatyzacji. - |
| Informacje dotyczące relacji | 2006, Vol. 26, nr 2, s. 55-66 |
| ISSN | 1233-9709 |
| 942 ## - HASŁO DODATKOWE - ELEMENTY(KOHA) | |
| Typ dokumentu | Artykuł |
| Schemat klasyfikacji | Uniwersalna klasyfikacja dziesiętna |
| Wycofany | Zagubiony | Uszkodzony | Dostępność | Lokalizacja stała | Lokalizacja bieżąca | Sygnatura | Typ dokumentu |
|---|---|---|---|---|---|---|---|
| Dostępny | Bibliografia Prac Pracowników - BPK | Bibliografia Prac Pracowników - BPK | 0720 | Artykuł |
